000 00850nam a2200277Ia 4500
003 OSt
005 20221006153300.0
006 a|||||r|||| 00| 0
007 ta
008 221006b |||||||| |||| 00| 0 kor d
020 _cW 9,500
024 _a31,864
037 _bGift, Korean Embassy
_cTextual
040 _aEASL
_cEASL
_bkor
041 _2kor
_akor
082 _aO495,3N70, P4
100 _aGANG Hyo-Jeong Au.
_9663266
245 0 _aJe 13 hwi jonthaeilmunhak sang susangjakphumjib
_b Gicha eonjena bicheul hyanghae gyeongjeokeul ullida (wa)
260 _aSeoul
_bSahoephyongron Korea
_c2004
300 _a305p.
_ccm.
490 _v KL
650 _a KL
650 _aNovel of Gang Hyo Jeong
_9663267
942 _hO495,3N70, P4
_cTEXL
_2CC
999 _c1099950
_d1099950